Chuck's Pokemon - Statistics

General Stats
  • This quiz has been taken 3 times
  • The average score is 11 of 15
Answer Stats
He uses it in Answer % Correct
Johto Hitmonchan
100%
Johto HItmonlee
100%
Unova Hitmontop
100%
Unova Machamp
100%
Johto Poliwrath
100%
Stadium 2 Ampharos
67%
Johto Breloom
67%
Stadium 2 Hypno
67%
Johto Medicham
67%
Johto Primeape
67%
Stadium 2 Sandslash
67%
Stadium 2 Ursaring
67%
Unova Conkeldurr
33%
Stadium 2 Granbull
33%
Stadium 2 Machoke
33%
No matching quizzes found
Score Distribution
Percent of People with Each Score
Percentile by Number Answered
Your Score History
You have not taken this quiz